Principles of welding technology (Record no. 77367)

MARC details
000 -LEADER
fixed length control field 00731nam a2200193 a 4500
008 - FIXED-LENGTH DATA ELEMENTS--GENERAL INFORMATION
fixed length control field 120416s1995 xx |||||||||||||| || u
020 ## - INTERNATIONAL STANDARD BOOK NUMBER
International Standard Book Number 0340613998
050 ## - LIBRARY OF CONGRESS CALL NUMBER
Classification number TS 227 Gou
100 ## - MAIN ENTRY--PERSONAL NAME
Personal name Gourd, L. M
245 10 - TITLE STATEMENT
Title Principles of welding technology
250 ## - EDITION STATEMENT
Edition statement 3rd ed.
260 ## - PUBLICATION, DISTRIBUTION, ETC.
Place of publication, distribution, etc.
Name of publisher, distributor, etc. Edward Arnold
Date of publication, distribution, etc. 1995
300 ## - PHYSICAL DESCRIPTION
Extent viii, 243p. : ill.
350 ## -
-- 0.00
650 ## - SUBJECT ADDED ENTRY--TOPICAL TERM
Topical term or geographic name entry element WELDING
650 ## - SUBJECT ADDED ENTRY--TOPICAL TERM
Topical term or geographic name entry element MECHANICS
995 ## -
-- MAIN LIBRARY OPEN ACCESS
-- 0.00
-- 727541
-- CBU-MAIN LIBRARY (Kitwe)
-- 2
-- 16.00
-- TS 227 Gou
-- 2
-- AVAILABLE
-- 025372
-- Main Library Open Access Collection
995 ## -
-- MAIN LIBRARY OPEN ACCESS
-- 0.00
-- 727542
-- CBU-MAIN LIBRARY (Kitwe)
-- 1
-- 16.00
-- TS 227 Gou
-- 1
-- AVAILABLE
-- 025356
-- Main Library Open Access Collection
999 ## -
-- 77367
-- 77367
Holdings
Withdrawn status Lost status Source of classification or shelving scheme Damaged status Not for loan Permanent Location Current Location Shelving location Date acquired Total Checkouts Full call number Barcode Date last seen Copy number Price effective from Koha item type
          CBU-MAIN LIBRARY, KITWE. CBU-MAIN LIBRARY, KITWE.   04/25/2023   TS 227 Gou 025372 04/25/2023 1 04/25/2023 MONOGRAPH
          CBU-MAIN LIBRARY, KITWE. CBU-MAIN LIBRARY, KITWE.   04/25/2023   TS 227 Gou 025356 04/25/2023 2 04/25/2023 MONOGRAPH